000 00540nam a2200205 a 4500
001 16484
003 CO-ViMGA
008 141112s2004 ck r 000 u spa d
020 _a8888405038
040 _aCO-ViMGA
_bspa
_cCO-ViMGA
082 0 4 _a853.91 M151r
100 1 _aMalaparte, Curzio
_923529
245 1 0 _aRelatos escogidos
260 _aCesena (Italia) :
_b2002
300 _a111.p.
490 _aUn mar de sueños
590 _aForma de adquisición : Premio - Mincultura
650 1 4 _aCUENTOS ITALIANOS
_98986
942 _2ddc
_cBK
999 _c26303
_d26303